Biblioteca ESET

El huevo y la gallina : | Manual de instrucciones para construir un animal (Registro nro. 153)

Detalles MARC
000 -CABECERA
fixed length control field 00918nam#a22002775a#4500
003 - CONTROL NUMBER IDENTIFIER
control field AR-BeUNQ
005 - FECHA Y HORA DE LA ULTIMA TRANSACCION
control field 20240429180510.0
008 - ELEMENTOS DE LONGITUD FIJA-INFORMACION GENERAL
fixed length control field 051020s2004####ag#a#####b####001#0#spa#d
020 ## - NUMERO INTERNACIONAL NORMALIZADO PARA LIBROS
Número Internacional Normalizado del libro 9871105703
040 ## - FUENTE DE CATALOGACION
Agencia de catalogación original AR-BeUNQ
Idioma de catalogación ESPAÑOL
Convenciones de la descripción aacr
Agencia que realiza la transcripción AR-BeUNQ
082 04 - NUMERO DE CLASIFICACION DECIMAL DEWEYMBER
Número de clasificación 660.65
Número de la edición 21
099 ## - LOCAL FREE-TEXT CALL NUMBER (OCLC)
Classification number 24-G34
100 1# - ASIENTO PRINCIPAL-NOMBRE PERSONAL
Nombre personal Gellon, Gabriel
245 03 - MENCION DE TITULO
Título El huevo y la gallina :
Otra información sobre el título Manual de instrucciones para construir un animal
Mención de responsabilidad, etc Gabriel Gellon.
250 ## - MENCION DE EDICION
Mención de edición 1a. ed.
260 ## - PUBLICACION, DISTRIBUCION, ETC.
Lugar de publicación, distribución, etc. Buenos Aires :
Nombre del editor, distribuidor, etc. Siglo XXI Editores Argentina :
Fecha de publicación, distribución, etc c2004.
300 ## - DESCRIPCION FISICA
Extensión 128 p. :
Otros detalles físicos il. ;
Dimensiones 19 cm.
490 0# - MENCION DE SERIE
Mención de serie "Ciencia que ladra..."
500 ## - NOTA GENERAL
Nota general Incluye referencias e índice.
504 ## - NOTA DE BIBLIOGRAFIA, ETC.
Nota de bibliografía, etc. Bibliografía: p. 125-127.
650 #7 - ASIENTO SECUNDARIO DE MATERIA - TERMINO TEMATICO
Término temático o nombre geográfico como elemento de entrada Biotecnología
Fuente del encabezamiento o términ Spines
650 #7 - ASIENTO SECUNDARIO DE MATERIA - TERMINO TEMATICO
Término temático o nombre geográfico como elemento de entrada Ingeniería genética
Fuente del encabezamiento o términ Spines
650 #7 - ASIENTO SECUNDARIO DE MATERIA - TERMINO TEMATICO
Término temático o nombre geográfico como elemento de entrada Divulgación científica
Fuente del encabezamiento o términ Spines
929 ## - DATOS DE ADQUISICION
Procedencia DONACION
Proveedor Universidad de Quilmes
Precio 0
Fecha de recibido 20180223
Número de inventario 56578
Patrimonio UNQ PAT0081444
942 ## - ELEMENTOS DE PUNTO DE ACCESO ADICIONAL (KOHA)
Tipo de ítem Koha Libros
Suppress in OPAC 0
Existencias
Estado de retiro Estado de pérdida Ubicación permanente Ubicación actual Ubicación en estantería Fecha de ingreso Total Checkouts Signatura topográfica completa Inventario Date last seen Tipo de ítem Koha Operador
    Biblioteca ESET - UNQ Biblioteca ESET - UNQ CIRCULACION 28/02/2018   660.65/ GEL 56578 28/02/2018 Libros Gladys Alarcon
    Biblioteca ESET - UNQ Biblioteca ESET - UNQ CIRCULACION 04/04/2022   660 / GEL 59290 03/05/2022 Libros  

ESET UNQ

☏ 4365-7188
 Avenida República de Francia 1714 entre Doctor Kenny y Concordia, Ezpeleta, Bs As.
✉ secretaria_eset@unq.edu.ar

Con tecnología Koha